<?xml version="1.0" encoding="UTF-8"?>
<collection xmlns:xsi="http://www.w3.org/2001/XMLSchema-instance" xsi:schemaLocation="http://www.loc.gov/MARC21/slim http://www.loc.gov/standards/marcxml/schema/MARC21slim.xsd" xmlns="http://www.loc.gov/MARC21/slim">
 <record>
  <leader>00000cmm a22000003i 4500</leader>
  <controlfield tag="001">UP-1685594773862054184</controlfield>
  <controlfield tag="003">Buklod</controlfield>
  <controlfield tag="005">20170211101825.0</controlfield>
  <controlfield tag="006">g||| |     ||   ||</controlfield>
  <controlfield tag="007">ta</controlfield>
  <controlfield tag="008">170211s2005    xx         u        eng d</controlfield>
  <datafield tag="020" ind1=" " ind2=" ">
   <subfield code="a">9783598440151 (eBook)</subfield>
  </datafield>
  <datafield tag="020" ind1=" " ind2=" ">
   <subfield code="a">3598440154 (eBook)</subfield>
  </datafield>
  <datafield tag="035" ind1=" " ind2=" ">
   <subfield code="a">(iLib)UPBAG-00023232168</subfield>
  </datafield>
  <datafield tag="040" ind1=" " ind2=" ">
   <subfield code="a">DLC</subfield>
   <subfield code="d">DML</subfield>
   <subfield code="d">BAG</subfield>
   <subfield code="e">rda</subfield>
  </datafield>
  <datafield tag="041" ind1="0" ind2=" ">
   <subfield code="a">eng</subfield>
  </datafield>
  <datafield tag="090" ind1=" " ind2="0">
   <subfield code="a">BC-ebook</subfield>
  </datafield>
  <datafield tag="111" ind1="2" ind2=" ">
   <subfield code="a">IFLA Satellite Meeting</subfield>
   <subfield code="d">(2003</subfield>
   <subfield code="c">Geneva, Switzerland)</subfield>
  </datafield>
  <datafield tag="245" ind1="1" ind2="0">
   <subfield code="a">E-learning for management and marketing in libraries</subfield>
   <subfield code="h">[electronic resource]</subfield>
   <subfield code="c">edited by Daisy McAdam</subfield>
   <subfield code="b">E-formation pour le marketing et le management des bibliotheques / edite par Daisy McAdam.</subfield>
  </datafield>
  <datafield tag="246" ind1="3" ind2="1">
   <subfield code="a">E-formation pour le marketing et le management des bibliotheques</subfield>
  </datafield>
  <datafield tag="264" ind1=" " ind2="1">
   <subfield code="a">Munchen</subfield>
   <subfield code="b">K.G. Saur</subfield>
   <subfield code="c">[2005]</subfield>
  </datafield>
  <datafield tag="300" ind1=" " ind2=" ">
   <subfield code="a">1 online resource (165 pages)</subfield>
   <subfield code="b">illustrations</subfield>
  </datafield>
  <datafield tag="336" ind1=" " ind2=" ">
   <subfield code="a">text</subfield>
   <subfield code="b">txt</subfield>
   <subfield code="2">rdacontent</subfield>
  </datafield>
  <datafield tag="337" ind1=" " ind2=" ">
   <subfield code="a">computer</subfield>
   <subfield code="2">rdamedia</subfield>
  </datafield>
  <datafield tag="338" ind1=" " ind2=" ">
   <subfield code="a">online resource</subfield>
   <subfield code="b">cr</subfield>
   <subfield code="2">rdacarrier</subfield>
  </datafield>
  <datafield tag="490" ind1="0" ind2=" ">
   <subfield code="a">IFLA publications, 0344-6891</subfield>
   <subfield code="v">115</subfield>
  </datafield>
  <datafield tag="490" ind1="0" ind2=" ">
   <subfield code="a">Gale virtual reference library</subfield>
  </datafield>
  <datafield tag="500" ind1=" " ind2=" ">
   <subfield code="a">Papers presented at the IFLA Satellite Meeting, Section Management and Marketing, Management &amp; Meeting Section, Geneva Switzerland, July 28-30, 2003.</subfield>
  </datafield>
  <datafield tag="500" ind1=" " ind2=" ">
   <subfield code="a">Articles in English and French.</subfield>
  </datafield>
  <datafield tag="505" ind1="0" ind2=" ">
   <subfield code="a">Remerciements/ acknowledgements -- Preface/ Preface -- Introduction -- Critical issues related to internet teaching -- De l'apprenant au concepteur: Vers la mise en place d'une formation continue a distance des bibliothecaires/ Documentalistes en tunisie -- Les formations au management utilisant les nte a l'ensibb: Analyse transversale et retours d'experience -- The growth of e-learning in marketing education and its implications for librarians -- La dimension europeenne de l'information a l'information des personnels enseignants: Presentation du site web &quot;acceder a l'information scientifique et technique&quot;, espace d'autoformation dedie a l'enseignement du primaire europeen -- Remerciements/ acknowledgements -- Calis, computer-assisted learning tool, didacticiel d'apprentissage d'une methodologie de recherche documentaire developpe dans le cadre du campus virtuel Suisse -- Une communaute virtuelle d'apprentissage en gestion de projet -- La formation a distance dans un contexte sud-sud: Defis et enjeux -- Teaching smart: Developing reusable instructional modules on the web -- Formation initiale et formation continue: Les outils pedagogiques en ligne proposes par le service commun de documentation de l'universite de nice sophia-antipolis -- Developing e-learning prototype for library management: a case study -- Synthese -- Detailed programme of the two days -- List of speakers + short biography.</subfield>
  </datafield>
  <datafield tag="520" ind1=" " ind2=" ">
   <subfield code="a">&quot;These contributions to a conference held in Geneva in 2003 focus on the very latest approaches to &quot;e-Learning&quot;.&quot;The power and enormous diversity of this medium become apparent as experts from all over the world compare notes and raise a whole new range of issues. The reader can examine the presentations of the various practitioners or go straight to the discussions at the end for insight into what the future holds for teachers and students alike.&quot;</subfield>
  </datafield>
  <datafield tag="650" ind1=" " ind2="0">
   <subfield code="a">Distance education.</subfield>
  </datafield>
  <datafield tag="650" ind1=" " ind2="0">
   <subfield code="a">Internet in education.</subfield>
  </datafield>
  <datafield tag="650" ind1=" " ind2="0">
   <subfield code="a">Libraries</subfield>
   <subfield code="x">Marketing</subfield>
   <subfield code="v">Congressses.</subfield>
  </datafield>
  <datafield tag="650" ind1=" " ind2="0">
   <subfield code="a">Electronic books.</subfield>
  </datafield>
  <datafield tag="700" ind1="1" ind2=" ">
   <subfield code="a">McAdam, Daisy</subfield>
   <subfield code="e">editor.</subfield>
  </datafield>
  <datafield tag="856" ind1="4" ind2="0">
   <subfield code="z">Available for University of the Philippines Baguio with URL: http://go.galegroup.com/ps/i.do?id=GALE%7C9783598440151&amp;v=2.1&amp;u=phdiliman&amp;it=etoc&amp;p=GVRL&amp;sw=w. Click here to request</subfield>
   <subfield code="u">https://forms.gle/KZjBv7aRtY6jiL5E9</subfield>
  </datafield>
  <datafield tag="856" ind1="4" ind2="2">
   <subfield code="z">(viewed 8 February 2021)</subfield>
  </datafield>
  <datafield tag="905" ind1=" " ind2=" ">
   <subfield code="a">FO</subfield>
  </datafield>
  <datafield tag="950" ind1=" " ind2=" ">
   <subfield code="a">Monograph</subfield>
  </datafield>
  <datafield tag="852" ind1="0" ind2=" ">
   <subfield code="a">UPBAG</subfield>
   <subfield code="b">UPBAG-MAIN</subfield>
   <subfield code="h">BC-ebook</subfield>
  </datafield>
  <datafield tag="942" ind1=" " ind2=" ">
   <subfield code="a">Electronic Resource</subfield>
  </datafield>
 </record>
</collection>
